Баланнарда бал тәме (Запись № 11662934)

Подробности
000 -МАРКЕР
контрольное поле 01698nam0a2200325 4500
001 - ИДЕНТИФИКАТОР ЗАПИСИ
контрольное поле RU\NLR\BIBL_A\011149212
005 - ИДЕНТИФИКАТОР ВЕРСИИ
контрольное поле 20260406095253.0
010 ## - МЕЖДУНАРОДНЫЙ СТАНДАРТНЫЙ НОМЕР КНИГИ (ISBN)
Номер (ISBN) 978-5-85247-829-0
Тираж 999
021 ## - НОМЕР ГОСУДАРСТВЕННОЙ РЕГИСТРАЦИИ
Код страны Российская Федерация
Номер 2016-30969
Номер Листа государственной регистраци 2000
035 ## - ДРУГИЕ СИСТЕМНЫЕ НОМЕРА
Идентификатор записи (NLR Aleph) 011149212
100 ## - ДАННЫЕ ОБЩЕЙ ОБРАБОТКИ
Данные общей обработки 20160608d2016 m y0rusy50 ca
101 0# - ЯЗЫК РЕСУРСА
Язык текста, звукозаписи и т.д. татарский
102 ## - СТРАНА ПУБЛИКАЦИИ ИЛИ ПРОИЗВОДСТВА
Страна публикации Российская Федерация
105 ## - ПОЛЕ КОДИРОВАННЫХ ДАННЫХ: ТЕКСТОВЫЕ МАТЕРИАЛЫ, МОНОГРАФИЧЕСКИЕ
Кодированные данные о монографическом текстовом документе y z 000 y
200 1# - ЗАГЛАВИЕ И СВЕДЕНИЯ ОБ ОТВЕТСТВЕННОСТИ
Основное заглавие Баланнарда бал тәме
Сведения, относящиеся к заглавию [повестьлар, хикәя]
Первые сведения об ответственности Айгөл Әхмәтгалиева
210 ## - ПУБЛИКАЦИЯ, РАСПРОСТРАНЕНИЕ И ДР.
Место издания, распространения и т.д. Казан
Имя издателя, распространителя и т. д. Идел-Пресс
Дата издания, распространения и т.д. 2016
215 ## - ФИЗИЧЕСКАЯ ХАРАКТЕРИСТИКА
Специфическое обозначение материала и объем 287,[1] б.
Размеры 21
327 ## - ПРИМЕЧАНИЯ О СОДЕРЖАНИИ
Текст примечания Содерж.: Таллыкүлдә былбыл бар : повесть ; Тузганак керефеге : повесть ; Баланнарда бал тәме : хикәя
464 #0 - АНАЛИТИЧЕСКИЙ УРОВЕНЬ
Встроенное поле 2001#$aТаллыкүлдә былбыл бар$eповесть
-- 700#1
Заглавие Таллыкүлдә былбыл бар
Автор
464 #0 - АНАЛИТИЧЕСКИЙ УРОВЕНЬ
Встроенное поле 2001#$aТузганак керефеге$eповесть
-- 700#1
Заглавие Тузганак керефеге
Автор
464 #0 - АНАЛИТИЧЕСКИЙ УРОВЕНЬ
Встроенное поле 2001#$aБаланнарда бал тәме$eхикәя
-- 700#1
Заглавие Баланнарда бал тәме
Автор
541 1# - ПЕРЕВОД ЗАГЛАВИЯ, СДЕЛАННЫЙ КАТАЛОГИЗАТОРОМ
Связь между полями z01790
Заглавие [Сладкий привкус калины
Сведения, относящиеся к заглавию повести, рассказ].
Язык заглавия русский
686 1# - ИНДЕКСЫ ДРУГИХ КЛАССИФИКАЦИЙ
Индекс Ш6(2=Тат)7-4
700 #1 - ИМЯ ЛИЦА - ПЕРВИЧНАЯ ОТВЕТСТВЕННОСТЬ
Код отношения Автор
Материалы, к которым относится поле tat
Графика поля Кириллица
Начальный элемент ввода Әхмәтгалиева
Часть имени, кроме начального элемента ввода А. Г. кызы
Даты 1973-
Расширение инициалов личного имени Айгөл Габдулла кызы
Идентификатор авторитетной/нормативной записи RU\NLR\auth-onl\771242
Системный номер авторитетной/нормативной записи 131297
790 #1 - ИМЯ ЛИЦА - АЛЬТЕРНАТИВНАЯ ФОРМА
Код отношения Автор
Графика поля Кириллица
Материалы, к которым относится поле rus
Начальный элемент ввода Ахметгалиева
Часть имени, кроме начального элемента ввода А. Г.
Даты 1973-
Расширение инициалов личного имени Айгуль Габдулловна
Идентификатор авторитетной/нормативной записи RU\NLR\AUTH\770287684
Системный номер авторитетной/нормативной записи 2689657
852 ## - МЕСТОНАХОЖДЕНИЕ И ШИФР ХРАНЕНИЯ
Идентификатор организации NLR
Наименование фонда или коллекции (Sub-Location Identifier) ОНЛ
Шифр хранения (Call Number) Татар./3-14754
942 ## - ДОПОЛНИТЕЛЬНЫЕ ЭЛЕМЕНТЫ ЗАПИСИ (АБИС)
Тип экземпляра АБИС Книга
980 ## - КОЛЛЕКЦИЯ
Название коллекции Национальная библиография
Экземпляры
Тип экземпляра Дата поступления Источник поступления Библиотека постоянного хранения Библиотека текущего хранения Место хранения Шифр хранения Штрих-код Статус экземпляра
Книга 08.06.2016 Обязательный экземпляр РНБ (Московский) РНБ (Московский) Фонд национальных литератур ОНЛ Татар./3-14754 1-1433751 Доставлен в Фoнд